LDR 00747naa#a2200181#i#450# 001 EN\\bibl\126244 005 20260703172316.5 011 ## _a2658-3488 100 ## _a20260630b2026####ek#y0engy0150####ca 102 ## _aRU 200 1# _aDEVELOPING A METHODOLOGY FOR CLASSIFYING COMMITS IN GIT-REPOSITORIES USING MACHINE LEARNING _eJournal article 210 1# _aBryansk _cBryansk State Technical University _d2026 215 ## _a6 с. 608 ## _aJournal article _2local 675 ## _aПрикладные системы искусственного интеллекта. Интеллектуальные системы, обладающие знаниями. 004.89 _z 700 #1 _aKopeliovich _gDmitriy Igorevich 700 #1 _aKurguz _gMihail Andreevich 856 4# _azh-szf.ru _u